La investigación sobre temas hispánicos en Francia (1962-1984) (Record no. 174533)
[ view plain ]
| 000 -LEADER | |
|---|---|
| campo de control de longitud fija | 00899nam a2200193 i 4500 |
| 001 - NÚMERO DE CONTROL | |
| campo de control | 174533 |
| 003 - IDENTIFICADOR DE NÚMERO DE CONTROL | |
| campo de control | ES-MaACL |
| 005 - FECHA Y HORA DE LA ÚLTIMA TRANSACCIÓN | |
| campo de control | 20230906215547.0 |
| 008 - DATOS DE LONGITUD FIJA--INFORMACIÓN GENERAL | |
| campo de control de longitud fija | 100504s1985 sp |||| | spa d |
| 080 ## - NÚMERO DE LA CLASIFICACIÓN DECIMAL UNIVERSAL | |
| Número de la Clasificación Decimal Universal | 008(460):001.891(44) |
| 245 03 - MENCIÓN DEL TÍTULO | |
| Título | La investigación sobre temas hispánicos en Francia (1962-1984) |
| Resto del título | : España y América Latina : actas del XX Congreso (Madrid, 30 marzo, 1 de abril de 1984) / |
| Mención de responsabilidad, etc. | [organizado por la] Société des Hispanistes Français de L'Enseignement Supérieur. |
| 260 ## - PUBLICACIÓN, DISTRIBUCIÓN, ETC. | |
| Lugar de publicación, distribución, etc. | [Paris] : |
| Nombre del editor, distribuidor, etc. | S.H.F., |
| Fecha de publicación, distribución, etc. | 1985 ( |
| Lugar de fabricación/manufactura | Madrid : |
| Fabricante | Safer Repr.) |
| 300 ## - DESCRIPCIÓN FÍSICA | |
| Extensión | 205 p. ; |
| Dimensiones | 24 cm. |
| 504 ## - NOTA DE BIBLIOGRAFÍA, ETC. | |
| Nota de bibliografía, etc. | Referencias bibliográficas. |
| 651 #7 - PUNTO DE ACCESO ADICIONAL DE MATERIA--NOMBRE GEOGRÁFICO | |
| Nombre geográfico | España- |
| Subdivisión general | Civilización- |
| -- | Investigación- |
| Subdivisión geográfica | Francia- |
| Subdivisión de forma | Congresos y asambleas. |
| 9 (RLIN) | 142681 |
| 651 ## - PUNTO DE ACCESO ADICIONAL DE MATERIA--NOMBRE GEOGRÁFICO | |
| Nombre geográfico | América Latina- |
| Subdivisión general | Civilización- |
| Subdivisión de forma | Congresos y asambleas. |
| 9 (RLIN) | 139273 |
| 710 2# - ENTRADA AGREGADA--NOMBRE DE ENTIDAD CORPORATIVA | |
| Nombre de entidad corporativa o nombre de jurisdicción como elemento de entrada | Société des Hispanistes Français. |
| 9 (RLIN) | 6852 |
| 852 4# - LOCALIZACIÓN | |
| Ubicación | BA |
| Número de control de estantería | C-57189 |
| Estatus retirado | Estado de pérdida | Estado de daño | No para préstamo | Biblioteca de origen | Biblioteca actual | Ubicación en estantería | Fecha de adquisición | Fuente de adquisición | Total de préstamos | Signatura topográfica completa | Código de barras | Visto por última vez | Precio de reemplazo | Tipo de ítem Koha |
|---|---|---|---|---|---|---|---|---|---|---|---|---|---|---|
| Biblioteca del Ateneo de Madrid | Biblioteca del Ateneo de Madrid | Depósito 2 | 04/05/2010 | C-57189 | 1183215 | 23/02/2023 | 23/02/2023 | Libro impreso |
